[Event "Elista-ch 8th"]
[Site "Elista"]
[Date "2010.07.09"]
[Round "9"]
[White "Antonov, Dzhal"]
[Black "Pataev, Adyan"]
[Result "1/2-1/2"]
[WhiteElo "1939"]
[BlackElo "1628"]
[PlyCount "56"]
[EventDate "2010.07.01"]
[EventType "tourn"]
[EventRounds "11"]
[EventCountry "RUS"]
[SourceTitle "EXT 2022"]
[Source "ChessBase"]
[SourceDate "2021.10.06"]
[SourceVersion "1"]
[SourceVersionDate "2021.10.06"]
[SourceQuality "1"]

1. Nf3 d5 2. g3 Nf6 3. Bg2 Bf5 4. 0-0 e6 5. d3 c5 6. Nc3 Be7 7. Bg5 Nc6 8. Bxf6 Bxf6 9. e4 dxe4 10. dxe4 Bg6 11. Qe2 0-0 12. Rad1 Qb6 13. Na4 Qb4 14. e5 Nxe5 15. Nxe5 Bxe5 16. Qxe5 Qxa4 17. Qxc5 Qxc2 18. Qxc2 Bxc2 19. Bxb7 Bxd1 20. Bxa8 Be2 21. Re1 Bc4 22. Bf3 Bxa2 23. Ra1 Bd5 24. Bxd5 exd5 25. Rxa7 Rd8 26. b4 d4 27. b5 d3 28. Ra1 g5 1/2-1/2

[Event "RUS-ch U12"]
[Site "Dagomys"]
[Date "2009.04.??"]
[Round "2"]
[White "Ilenko, Aleksei"]
[Black "Antonov, Dzhal"]
[Result "0-1"]
[WhiteElo "1991"]
[BlackElo "1940"]
[PlyCount "112"]
[EventDate "2009.04.15"]
[EventType "swiss"]
[EventRounds "9"]
[EventCountry "RUS"]
[SourceTitle "EXT 2012"]
[Source "ChessBase"]
[SourceDate "2011.11.24"]
[SourceVersion "1"]
[SourceVersionDate "2011.11.24"]
[SourceQuality "1"]

1. d4 Nf6 2. Nf3 g6 3. c4 Bg7 4. Nc3 0-0 5. e4 d6 6. Be2 e5 7. d5 Nbd7 8. Bg5 h6 9. Bh4 g5 10. Bg3 Nc5 11. Nd2 Nh7 12. 0-0 f5 13. f3 f4 14. Bf2 Nd7 15. b4 Ndf6 16. c5 h5 17. h3 Rf7 18. Nc4 Bf8 19. b5 b6 20. cxb6 axb6 21. a4 Rg7 22. a5 bxa5 23. Nxa5 Qe8 24. b6 cxb6 25. Bxb6 Qg6 26. Nb5 g4 27. hxg4 hxg4 28. Kf2 gxf3 29. Bxf3 Qg3+ 30. Ke2 Ba6 31. Rb1 Rb8 32. Nc4 Nxe4 33. Qd3 Bxb5 34. Rxb5 Nc5 35. Bxc5 Rxb5 36. Bf2 Qg5 37. Nd2 Rb2 38. Qc3 Rgb7 39. Rh1 Qf5 40. Rh5 Qg6 41. Rh4 Nf6 42. Qd3 e4 43. Qc3 exf3+ 44. gxf3 Qe8+ 45. Kf1 Bg7 46. Bd4 Qb5+ 47. Kg1 Ne8 48. Nc4 Bxd4+ 49. Qxd4 Rg7+ 50. Kh1 Rb1+ 51. Kh2 Rbg1 52. Qe4 R7g2+ 53. Kh3 Qd7+ 54. Rg4+ Rxg4 55. fxg4 Qxg4+ 56. Kh2 Qg3# 0-1